[Event "OMA-ch 11th"]
[Site "Muscat"]
[Date "2024.01.30"]
[Round "8"]
[White "Al Busaidi, Hamood"]
[Black "Said, Ahmed Ali Jidal Fad"]
[Result "1/2-1/2"]
[WhiteElo "1791"]
[BlackElo "1678"]
[PlyCount "117"]
[EventDate "2024.01.24"]
[EventType "swiss"]
[EventRounds "9"]
[EventCountry "OMN"]
[SourceTitle "CB06_2024"]
[SourceDate "2024.02.07"]
[SourceVersion "1"]
[SourceVersionDate "2024.02.07"]
[SourceQuality "1"]

1. Nf3 d6 2. e4 Nf6 3. c3 c6 4. Qc2 e5 5. Be2 Be7 6. 0-0 0-0 7. d4 Qc7 8. h3 Nbd7 9. Bd3 d5 10. exd5 e4 11. Bxe4 Nxe4 12. Qxe4 Nf6 13. Qd3 Nxd5 14. c4 Nf4 15. Qe4 Ng6 16. Nc3 f5 17. Qc2 f4 18. Re1 Bf5 19. Qd2 Rad8 20. b3 Nh4 21. Nxh4 Bxh4 22. Qxf4 Qxf4 23. Bxf4 Rxd4 24. Be3 Rd3 25. Ne2 Bf6 26. Rad1 a5 27. Rxd3 Bxd3 28. Nf4 Bf5 29. g4 Bc8 30. Rd1 Be5 31. Ne2 h5 32. f4 Bc7 33. gxh5 Bxh3 34. Kf2 Bg4 35. Rg1 Bxh5 36. Rg5 g6 37. Nd4 Bxf4 38. Bxf4 Rxf4+ 39. Ke3 Rf7 40. Rxa5 Re7+ 41. Kf4 Kf7 42. b4 Kf6 43. Rc5 Re1 44. b5 g5+ 45. Kg3 cxb5 46. Rxb5 Re3+ 47. Kf2 Ra3 48. Rxb7 Rxa2+ 49. Ke3 g4 50. c5 g3 51. Rb1 Ke5 52. Nf3+ Kd5 53. Ng1 Kxc5 54. Kf4 g2 55. Kg3 Bg6 56. Re1 Bf7 57. Re2 Rxe2 58. Nxe2 Bd5 59. Kf2 1/2-1/2

[Event "World Amateur-ch U2000"]
[Site "Muscat"]
[Date "2023.11.06"]
[Round "5.3"]
[White "Velavaa, Ragavesh"]
[Black "Al Busaidi, Hamood"]
[Result "1-0"]
[WhiteElo "1957"]
[BlackElo "1838"]
[PlyCount "57"]
[EventDate "2023.11.02"]
[EventType "swiss"]
[EventRounds "9"]
[EventCountry "OMN"]
[SourceTitle "CB46_2023"]
[SourceDate "2023.11.15"]
[SourceVersion "1"]
[SourceVersionDate "2023.11.15"]
[SourceQuality "1"]

1. e4 c5 2. Nf3 g6 3. c3 d5 4. exd5 Qxd5 5. d4 Bg7 6. Na3 cxd4 7. Bc4 Qe4+ 8. Be3 Nh6 9. Nb5 0-0 10. Bd3 Qd5 11. cxd4 a6 12. Nc7 Qa5+ 13. Qd2 Qxc7 14. Bxh6 Bxh6 15. Qxh6 Qa5+ 16. Kf1 f6 17. Re1 Re8 18. Bc4+ e6 19. d5 b5 20. Bb3 Ra7 21. Qf4 Kg7 22. Qxb8 Rc7 23. Nd4 exd5 24. Rxe8 Rc1+ 25. Ke2 Bg4+ 26. f3 Rxh1 27. Rg8+ Kh6 28. Qf4+ g5 29. Qxf6+ 1-0

[Event "OMA-chT 6th"]
[Site "Muscat"]
[Date "2023.08.10"]
[Round "9.1"]
[White "Al Amri, Mohammed Ahmed"]
[Black "Al Busaidi, Hamood"]
[Result "0-1"]
[WhiteElo "1753"]
[BlackElo "1767"]
[PlyCount "62"]
[EventDate "2023.08.03"]
[EventType "team-swiss"]
[EventRounds "9"]
[EventCountry "OMN"]
[SourceTitle "EXT 2024"]
[Source "ChessBase"]
[SourceDate "2023.10.10"]
[SourceVersion "1"]
[SourceVersionDate "2023.10.10"]
[SourceQuality "1"]
[WhiteTeam "Mirbat"]
[BlackTeam "Salalah"]
[WhiteTeamCountry "OMN"]
[BlackTeamCountry "OMN"]

1. e4 c5 2. Nf3 Nf6 3. e5 Nd5 4. c4 Nc7 5. b3 Nc6 6. Bb2 d5 7. exd6 Qxd6 8. Be2 e5 9. 0-0 Be7 10. Nc3 Bf5 11. Nd5 Nxd5 12. cxd5 Qxd5 13. Bb5 f6 14. Re1 Bd3 15. Bxd3 Qxd3 16. Bxe5 fxe5 17. Nxe5 Nxe5 18. Rxe5 Qd6 19. Qh5+ g6 20. Qe2 Kf7 21. Re1 Bf6 22. Qc4+ Kg7 23. Rxc5 Rhe8 24. Rc7+ Kh6 25. Rc1 Re7 26. Rxe7 Qxe7 27. g3 Rd8 28. h4 Kg7 29. Kf1 Rxd2 30. Qf4 Qe2+ 31. Kg1 Be5 0-1

[Event "OMA-chT 6th"]
[Site "Muscat"]
[Date "2023.08.08"]
[Round "7.1"]
[White "Al Hosni, Khalfan"]
[Black "Al Busaidi, Hamood"]
[Result "0-1"]
[WhiteElo "1626"]
[BlackElo "1767"]
[PlyCount "94"]
[EventDate "2023.08.03"]
[EventType "team-swiss"]
[EventRounds "9"]
[EventCountry "OMN"]
[SourceTitle "EXT 2024"]
[Source "ChessBase"]
[SourceDate "2023.10.10"]
[SourceVersion "1"]
[SourceVersionDate "2023.10.10"]
[SourceQuality "1"]
[WhiteTeam "Masirah Blue"]
[BlackTeam "Salalah"]
[WhiteTeamCountry "OMN"]
[BlackTeamCountry "OMN"]

1. e4 c5 2. Nc3 g6 3. d4 cxd4 4. Qxd4 Nf6 5. Bb5 Bg7 6. e5 Ng8 7. Bf4 Nc6 8. Qe3 h5 9. h4 Nh6 10. Nf3 Ng4 11. Qe2 Qa5 12. 0-0 a6 13. Bxc6 dxc6 14. Rfe1 0-0 15. Ng5 Qb4 16. Qd2 Bf5 17. Nd5 Qc5 18. Ne3 Rad8 19. Qe2 Nxe3 20. Qxe3 Qxe3 21. Rxe3 Bxc2 22. Rae1 Rd4 23. g3 e6 24. Rc3 Bf5 25. Rb3 Rd7 26. Rb6 Rfd8 27. Kg2 Bd3 28. Rb3 Bc4 29. Rc3 Bxa2 30. g4 Rd4 31. Kg3 Rd3+ 32. Re3 Rxe3+ 33. Rxe3 hxg4 34. Kxg4 Bb1 35. Rb3 Bf5+ 36. Kf3 b5 37. Ke3 Bf8 38. Rc3 c5 39. Ne4 Bxe4 40. Kxe4 c4 41. Bg5 Rd1 42. Rg3 Bc5 43. h5 Rd4+ 44. Kf3 Rd3+ 45. Be3 Bxe3 46. fxe3 Rd2 47. hxg6 Rxb2 0-1

[Event "OMA-chT 6th"]
[Site "Muscat"]
[Date "2023.08.07"]
[Round "6.1"]
[White "Al Busaidi, Hamood"]
[Black "Qatan, Said Mahad"]
[Result "1-0"]
[WhiteElo "1767"]
[BlackElo "1616"]
[PlyCount "57"]
[EventDate "2023.08.03"]
[EventType "team-swiss"]
[EventRounds "9"]
[EventCountry "OMN"]
[SourceTitle "EXT 2024"]
[Source "ChessBase"]
[SourceDate "2023.10.10"]
[SourceVersion "1"]
[SourceVersionDate "2023.10.10"]
[SourceQuality "1"]
[WhiteTeam "Salalah"]
[BlackTeam "Salalah II"]
[WhiteTeamCountry "OMN"]
[BlackTeamCountry "OMN"]

1. e4 c5 2. Nf3 d6 3. d4 cxd4 4. Nxd4 Nf6 5. Nc3 a6 6. g3 g6 7. Bg2 Bg7 8. 0-0 0-0 9. h3 h6 10. a4 Nc6 11. Nxc6 bxc6 12. e5 dxe5 13. Qe2 Qc7 14. Re1 Ne8 15. a5 Nd6 16. Be3 Be6 17. b3 Qc8 18. Na4 Rb8 19. Nb6 Qb7 20. c4 f5 21. Rad1 Ne4 22. Bxe4 fxe4 23. Qc2 Bxh3 24. Qxe4 Bf5 25. Qh4 Kh7 26. g4 Be6 27. Bxh6 Bxg4 28. Bxg7+ Kxg7 29. Qxg4 1-0

[Event "OMA-chT 6th"]
[Site "Muscat"]
[Date "2023.08.05"]
[Round "4.1"]
[White "Al Busaidi, Hamood"]
[Black "Al Mamari, Mohammed"]
[Result "1-0"]
[WhiteElo "1767"]
[BlackElo "1449"]
[PlyCount "79"]
[EventDate "2023.08.03"]
[EventType "team-swiss"]
[EventRounds "9"]
[EventCountry "OMN"]
[SourceTitle "EXT 2024"]
[Source "ChessBase"]
[SourceDate "2023.10.10"]
[SourceVersion "1"]
[SourceVersionDate "2023.10.10"]
[SourceQuality "1"]
[WhiteTeam "Salalah"]
[BlackTeam "Ibri"]
[WhiteTeamCountry "OMN"]
[BlackTeamCountry "OMN"]

1. e4 c6 2. d4 d5 3. exd5 cxd5 4. c4 Nf6 5. Nc3 e6 6. c5 Be7 7. Nf3 Nc6 8. Bb5 0-0 9. 0-0 Qc7 10. Re1 a6 11. Bxc6 bxc6 12. b4 Nd7 13. g3 Bf6 14. Bf4 Qb7 15. Rb1 Re8 16. a4 a5 17. b5 Be7 18. Qb3 Nb8 19. Qc2 Nd7 20. h4 Rf8 21. Qa2 Bf6 22. Bd6 Rd8 23. Re2 h6 24. Qd2 Nf8 25. h5 Rxd6 26. cxd6 Qd7 27. Qf4 Bb7 28. g4 Nh7 29. bxc6 Bxc6 30. Nb5 Rd8 31. Ne5 Bxe5 32. dxe5 f6 33. Qd4 fxe5 34. Qxe5 Kf7 35. Rc1 Nf8 36. Rec2 Rc8 37. Nd4 Bb7 38. Rc7 Kg8 39. Nxe6 Nxe6 40. Rxd7 1-0

[Event "OMA-ch 10th"]
[Site "Muscat"]
[Date "2023.02.17"]
[Round "2"]
[White "Al Busaidi, Hamood"]
[Black "Al Kharusi, Mohammed"]
[Result "1-0"]
[WhiteElo "1854"]
[BlackElo "1504"]
[PlyCount "60"]
[EventDate "2023.02.16"]
[EventType "swiss"]
[EventRounds "9"]
[EventCountry "OMN"]
[SourceTitle "EXT 2024"]
[Source "ChessBase"]
[SourceDate "2023.10.10"]
[SourceVersion "1"]
[SourceVersionDate "2023.10.10"]
[SourceQuality "1"]

1. e4 e5 2. Nf3 Nc6 3. Bb5 a6 4. Ba4 b5 5. Bb3 Nf6 6. d3 Be7 7. 0-0 0-0 8. c3 d5 9. exd5 Nxd5 10. h3 Bb7 11. Re1 Bf6 12. Bc2 Re8 13. Nbd2 g6 14. Ne4 Bg7 15. Bg5 f6 16. Bc1 Qe7 17. Qe2 Nd8 18. a4 Ne6 19. axb5 axb5 20. Rxa8 Bxa8 21. Bb3 Kh8 22. d4 f5 23. Neg5 e4 24. Qxb5 c6 25. Qc4 exf3 26. Rxe6 Qd7 27. Rxe8+ Qxe8 28. Nxf3 Bb7 29. Qc5 Bf8 30. Qa7 c5 1-0

[Event "OMA-chT Clubs"]
[Site "Muscat"]
[Date "2022.09.02"]
[Round "9.1"]
[White "Shaurya, Dinesh Sawlani"]
[Black "Al Busaidi, Hamood"]
[Result "1-0"]
[WhiteElo "1448"]
[BlackElo "1743"]
[PlyCount "79"]
[EventDate "2022.08.26"]
[EventType "team-swiss"]
[EventRounds "9"]
[EventCountry "OMN"]
[SourceTitle "EXT 2023"]
[Source "ChessBase"]
[SourceDate "2022.10.05"]
[SourceVersion "1"]
[SourceVersionDate "2022.10.05"]
[SourceQuality "1"]
[WhiteTeam "Quriyat"]
[BlackTeam "Salalah II"]
[WhiteTeamCountry "OMN"]
[BlackTeamCountry "OMN"]

1. e4 c5 2. Nf3 a6 3. c3 Nc6 4. d4 d6 5. d5 Nb8 6. Be2 g6 7. 0-0 Bg7 8. h3 Nf6 9. Qc2 h6 10. Be3 0-0 11. a4 b6 12. Nbd2 Bb7 13. Ne1 Nbd7 14. c4 Re8 15. a5 b5 16. Nd3 e6 17. e5 dxe5 18. Nxc5 Nxc5 19. Bxc5 exd5 20. cxb5 Nd7 21. b4 axb5 22. Bxb5 Re6 23. Nb3 Rc8 24. Qe2 e4 25. Rac1 Ne5 26. Nd4 Rf6 27. a6 Bc6 28. Bxc6 Nxc6 29. b5 Ne5 30. Be7 Qxe7 31. Rxc8+ Kh7 32. Qa2 Nf3+ 33. Nxf3 exf3 34. a7 Rf4 35. Qxd5 Rd4 36. a8Q fxg2 37. Qxg2 Rh4 38. Qac6 Be5 39. Qe8 Qxe8 40. Rxe8 1-0

[Event "OMA-chT Clubs"]
[Site "Muscat"]
[Date "2022.08.31"]
[Round "7.1"]
[White "Napone, Emerson"]
[Black "Al Busaidi, Hamood"]
[Result "1-0"]
[WhiteElo "1637"]
[BlackElo "1743"]
[PlyCount "101"]
[EventDate "2022.08.26"]
[EventType "team-swiss"]
[EventRounds "9"]
[EventCountry "OMN"]
[SourceTitle "EXT 2023"]
[Source "ChessBase"]
[SourceDate "2022.10.05"]
[SourceVersion "1"]
[SourceVersionDate "2022.10.05"]
[SourceQuality "1"]
[WhiteTeam "Majees Blue"]
[BlackTeam "Salalah II"]
[WhiteTeamCountry "OMN"]
[BlackTeamCountry "OMN"]

1. c4 Nf6 2. Nc3 c5 3. Nf3 g6 4. h4 Nc6 5. Nd5 Bg7 6. Nxf6+ Bxf6 7. h5 d5 8. Qa4 e5 9. hxg6 hxg6 10. Rxh8+ Bxh8 11. cxd5 Qxd5 12. e4 Qd6 13. Bc4 Bf6 14. d3 Be6 15. Bg5 Bxg5 16. Nxg5 Bxc4 17. Qxc4 Qe7 18. Nf3 0-0-0 19. Rc1 b6 20. b4 Qb7 21. a4 Kb8 22. bxc5 bxc5 23. Qxc5 Nb4 24. Nxe5 Nxd3+ 25. Nxd3 Qxe4+ 26. Kf1 Qxd3+ 27. Kg1 Qd6 28. Qe3 Qd4 29. Rb1+ Ka8 30. Qe7 Qd7 31. Qf6 Rb8 32. Qf3+ Rb7 33. Rd1 Qc7 34. Re1 a5 35. Qe3 Kb8 36. Qd4 Qd7 37. Qc5 Qd8 38. Qc6 Qc7 39. Qe8+ Ka7 40. g3 Qd7 41. Qe3+ Rb6 42. Qc5 Ka6 43. Re7 Qd1+ 44. Kg2 Qxa4 45. Qc8+ Kb5 46. Re5+ Kb4 47. Qc5+ Kb3 48. Qxb6+ Kc2 49. Rc5+ Kd3 50. Qd6+ Ke2 51. Re5+ 1-0

[Event "OMA-chT Clubs"]
[Site "Muscat"]
[Date "2022.08.27"]
[Round "2.1"]
[White "Al Busaidi, Hamood"]
[Black "Velavaa, Ragavesh"]
[Result "0-1"]
[WhiteElo "1743"]
[BlackElo "1458"]
[PlyCount "126"]
[EventDate "2022.08.26"]
[EventType "team-swiss"]
[EventRounds "9"]
[EventCountry "OMN"]
[SourceTitle "EXT 2023"]
[Source "ChessBase"]
[SourceDate "2022.10.05"]
[SourceVersion "1"]
[SourceVersionDate "2022.10.05"]
[SourceQuality "1"]
[WhiteTeam "Salalah II"]
[BlackTeam "Al Suwaiq"]
[WhiteTeamCountry "OMN"]
[BlackTeamCountry "OMN"]

1. e4 c5 2. Nf3 d6 3. d4 cxd4 4. Nxd4 Nf6 5. Nc3 g6 6. Be3 Bg7 7. f3 a6 8. Qd2 h5 9. a4 Nc6 10. Nxc6 bxc6 11. a5 Rb8 12. Na4 Nd7 13. Rb1 c5 14. b3 0-0 15. Be2 Bb7 16. 0-0 Qc7 17. Nb2 Ne5 18. Nc4 Nxc4 19. Bxc4 Kh7 20. Bd3 Bc6 21. b4 cxb4 22. Bb6 Rxb6 23. axb6 Qxb6+ 24. Kh1 a5 25. Bc4 Qd4 26. Qe2 Qc5 27. f4 e6 28. f5 exf5 29. exf5 Re8 30. Qd3 Be4 31. fxg6+ fxg6 32. Qb3 Qc6 33. Rf2 Rb8 34. Bd3 Bxd3 35. Qxd3 Rb7 36. Rf4 Rc7 37. Rf2 Re7 38. Qd2 Qc3 39. Qd1 Qc5 40. Rd2 a4 41. Rxd6 Qc4 42. Rb6 Bc3 43. Qd6 Qe4 44. h3 a3 45. Ra6 Rf7 46. Rg1 Qxc2 47. Qd5 Qf5 48. Qd8 Bg7 49. Ra8 Rf8 50. Qa5 Qxa5 51. Rxa5 Rf2 52. Rd1 a2 53. Kg1 Rb2 54. Rd7 Rb1+ 55. Kf2 a1Q 56. Rxa1 Rxa1 57. Rb7 Rb1 58. g4 hxg4 59. hxg4 b3 60. Kg3 b2 61. Kh4 Rh1+ 62. Kg5 b1Q 63. Rxg7+ Kxg7 0-1

[Event "Olympiad-44"]
[Site "Chennai"]
[Date "2022.08.02"]
[Round "5.3"]
[White "Nsubuga, Haruna"]
[Black "Al Busaidi, Hamood"]
[Result "1-0"]
[WhiteElo "2160"]
[BlackElo "1743"]
[PlyCount "119"]
[EventDate "2022.07.29"]
[EventType "team-swiss"]
[EventRounds "11"]
[EventCountry "IND"]
[SourceTitle "CBM 210"]
[Source "ChessBase"]
[SourceDate "2022.10.31"]
[SourceVersion "1"]
[SourceVersionDate "2022.10.31"]
[SourceQuality "1"]
[WhiteTeam "Uganda"]
[BlackTeam "Oman"]
[WhiteTeamCountry "UGA"]
[BlackTeamCountry "OMN"]

1. d4 Nf6 2. Nf3 g6 3. g3 Bg7 4. c4 c6 5. Nc3 d5 6. cxd5 cxd5 7. Bg2 0-0 8. 0-0 Nc6 9. Ne5 Be6 10. Nxc6 bxc6 11. Na4 Bf5 12. b3 Rc8 13. Ba3 Re8 14. Bc5 Qa5 15. f3 h5 16. Qe1 Qc7 17. e4 dxe4 18. fxe4 Bg4 19. Qf2 Be6 20. Qf4 Qxf4 21. gxf4 Nd7 22. e5 Rc7 23. Rac1 Bh6 24. Ba3 Nb8 25. d5 Bf5 26. dxc6 Bd3 27. Rf2 Bb5 28. Nc3 Bxc6 29. Nd5 Rd7 30. Nxe7+ Rexe7 31. Bxe7 Rxe7 32. Bxc6 Rc7 33. Rfc2 Bxf4 34. Ba4 Re7 35. Rc8+ Kg7 36. Re1 Na6 37. Re8 Rc7 38. e6 fxe6 39. R8xe6 Nb4 40. Be8 Nd5 41. Rxg6+ Kh7 42. Rge6 Rg7+ 43. Kh1 h4 44. Bc6 Ne3 45. R6xe3 Bxe3 46. Rxe3 Rc7 47. Rc3 Kh6 48. Kg2 Kg5 49. Rc4 Re7 50. Bf3 Rd7 51. Rg4+ Kf5 52. Rxh4 Rd2+ 53. Kg3 Rxa2 54. Ra4 Rxa4 55. bxa4 a5 56. h4 Ke5 57. Kg4 Kf6 58. h5 Kg7 59. Kf5 Kf7 60. Ke5 1-0

[Event "Muscat Design Group op 1st"]
[Site "Muscat"]
[Date "2022.03.24"]
[Round "3"]
[White "Al Busaidi, Hamood"]
[Black "Jahullah, Hussain"]
[Result "1-0"]
[WhiteElo "1783"]
[BlackElo "1481"]
[PlyCount "69"]
[EventDate "2022.03.23"]
[EventType "swiss"]
[EventRounds "7"]
[EventCountry "OMN"]
[SourceTitle "EXT 2023"]
[Source "ChessBase"]
[SourceDate "2022.10.05"]
[SourceVersion "1"]
[SourceVersionDate "2022.10.05"]
[SourceQuality "1"]

1. e4 d6 2. Nf3 Nf6 3. Nc3 e5 4. d4 Nbd7 5. Bc4 h6 6. h3 c6 7. a4 b6 8. Be3 Qc7 9. Qe2 Bb7 10. Bb3 a6 11. Qc4 Nb8 12. dxe5 dxe5 13. Nxe5 Bb4 14. Nxf7 Bxc3+ 15. bxc3 0-0 16. Ng5+ Kh8 17. Ne6 Qe7 18. Nxf8 Qxf8 19. Bxb6 Nbd7 20. Be3 c5 21. f3 Rc8 22. Qe2 Nh5 23. Qf2 Qf6 24. Rd1 Rc7 25. Bd5 Bxd5 26. Rxd5 Qxc3+ 27. Qd2 Qxd2+ 28. Kxd2 Nhf6 29. Rd6 a5 30. Rb1 Ne5 31. Kc3 Nc6 32. Rb6 Nb4 33. Bxh6 Nd7 34. Bf4 Nxb6 35. Rd8+ 1-0

[Event "Arab-ch U16"]
[Site "Baghdad"]
[Date "2022.03.14"]
[Round "6"]
[White "Al Busaidi, Hamood"]
[Black "Jerraya, Youssef"]
[Result "0-1"]
[WhiteElo "1783"]
[BlackElo "1384"]
[PlyCount "104"]
[EventDate "2022.03.10"]
[EventType "swiss"]
[EventRounds "9"]
[EventCountry "IRQ"]
[SourceTitle "EXT 2023"]
[Source "ChessBase"]
[SourceDate "2022.10.05"]
[SourceVersion "1"]
[SourceVersionDate "2022.10.05"]
[SourceQuality "1"]

1. e4 c5 2. Nf3 e6 3. d3 a6 4. g3 b5 5. a4 Bb7 6. Bg2 d6 7. 0-0 Nd7 8. Re1 Ngf6 9. Bf4 Be7 10. c3 Qb6 11. Nbd2 0-0 12. h3 Rfd8 13. g4 Nf8 14. g5 Nh5 15. Be3 Ng6 16. d4 Ngf4 17. Bf1 g6 18. Qb3 Bc6 19. d5 exd5 20. Bxf4 Nxf4 21. exd5 Bxd5 22. c4 Be6 23. Qe3 Nh5 24. cxb5 axb5 25. axb5 Ng7 26. b4 Nf5 27. Qc3 cxb4 28. Qxb4 d5 29. Qb2 Bc5 30. Nb3 Bf8 31. Rxa8 Rxa8 32. Ne5 Bg7 33. Qc2 Nh4 34. Qd1 Ra2 35. Nd4 Bxe5 36. Qb3 Bxd4 37. Rxe6 fxe6 38. Qxa2 Nf3+ 39. Kg2 Nxg5 40. Qa8+ Kg7 41. h4 Nf7 42. Qa2 h5 43. Qc2 Nd6 44. Qd2 Nf5 45. Qg5 Bxf2 46. Bd3 Bxh4 47. Qf4 Qd6 48. Qf3 Qg3+ 49. Qxg3 Nxg3 50. b6 Bd8 51. Kxg3 Bxb6 52. Kf4 Kf6 0-1

[Event "OMA-ch"]
[Site "Muscat"]
[Date "2022.02.15"]
[Round "7"]
[White "Al Darwashi, Anas"]
[Black "Al Busaidi, Hamood"]
[Result "0-1"]
[WhiteElo "1548"]
[BlackElo "1773"]
[PlyCount "40"]
[EventDate "2022.02.10"]
[EventType "swiss"]
[EventRounds "9"]
[EventCountry "OMN"]
[SourceTitle "EXT 2023"]
[Source "ChessBase"]
[SourceDate "2022.10.05"]
[SourceVersion "1"]
[SourceVersionDate "2022.10.05"]
[SourceQuality "1"]

1. e4 c5 2. Nf3 g6 3. d4 Bg7 4. Nc3 cxd4 5. Nxd4 Nc6 6. Be3 Nf6 7. f3 0-0 8. Bc4 Qb6 9. Ncb5 a6 10. Nf5 Qa5+ 11. Bd2 Qd8 12. Nbd4 gxf5 13. Nxf5 d5 14. Nxg7 dxc4 15. Nf5 Bxf5 16. exf5 Qd4 17. c3 Qe5+ 18. Kf2 Qxf5 19. Re1 Ng4+ 20. Kg1 Qc5+ 0-1

[Event "Sousse BICA U16 op 1st"]
[Site "Sousse"]
[Date "2021.12.19"]
[Round "2"]
[White "Ben Salem, Meriem"]
[Black "Al Busaidi, Hamood"]
[Result "0-1"]
[WhiteElo "1119"]
[BlackElo "1721"]
[PlyCount "70"]
[EventDate "2021.12.18"]
[EventType "swiss"]
[EventRounds "9"]
[EventCountry "TUN"]
[SourceTitle "CBM 205 Extra"]
[Source "ChessBase"]
[SourceDate "2022.01.31"]
[SourceVersion "1"]
[SourceVersionDate "2022.01.31"]
[SourceQuality "1"]

1. e4 c5 2. Nf3 g6 3. c3 Bg7 4. d4 cxd4 5. cxd4 d5 6. e5 Bg4 7. Be2 Nc6 8. Be3 e6 9. 0-0 Nge7 10. Nc3 Nf5 11. h3 Bxf3 12. Bxf3 Qb6 13. Na4 Qb4 14. a3 Qe7 15. Re1 0-0 16. Qd2 f6 17. exf6 Qxf6 18. Bg5 Qxd4 19. Rxe6 Qxa4 20. Bxd5 Kh8 21. g4 Nfd4 22. Re3 Qb5 23. Bxc6 bxc6 24. Qd1 Qxg5 25. Rc1 Rad8 26. Qa4 Ne2+ 27. Rxe2 Qxc1+ 28. Kg2 Rd1 29. Qxd1 Qxd1 30. Re3 Rxf2+ 31. Kxf2 Bd4 32. b4 Qd2+ 33. Kf3 Qxe3+ 34. Kg2 Qf2+ 35. Kh1 Qg1# 0-1